01423nab a22002177a 4500003000400000005001700004008004100021040000700062100002300069245010200092260007300194300001500267500004500282505057800327505008900905650002900994650001301023650001501036650001401051773014001065OSt20251113133440.0190604e xxu||||| |||| 00| 0 spa d cPJ aOrelle, Jose M. R.13aEl contrato de donación en el Código Civil y Comercial de la Nación /cJosé M. R. Orelle. aCiudad Autónoma de Buenos Aires :bThomson Reuters La Ley, c2025. ap. 127-158 aCita Online: TR LALEY AR/DOC/1083/2025.  aSumario: I. Introducción: perspectiva adoptada para el desarrollo del presente trabajo.— II. Primera parte. Conjunto de factores que inciden en el ejercicio profesional de los actos de donación.— III. Segunda parte. Cómo ha impactado la realidad social de esta clase de actos en las regulaciones jurídicas.— IV. Tercera parte. El contrato de donación hoy en la práctica notarial y registral.— V. Cuarta parte. Rol de los operadores y la conveniencia de generar una estructura preventiva y con mejoras metodológicas.— VI. Quinta parte. Conclusiones.  t¿Te interesa el texto completo? Solicitalo al correo: koha@justierradelfuego.gov.ar 0aCODIGO CIVIL Y COMERCIAL 0aDONACION 0aSUCESIONES 0aHEREDEROS0 02714dCiudad Autónoma de Buenos Aires : Thomson Reuters La Ley, 2014-tRevista anales de legislación argentina. Nº 7 - Julio 2025.